| 000 | 01323pam a2200373 i 4500 | ||
|---|---|---|---|
| 001 | 4196 | ||
| 003 | FISKH | ||
| 005 | 20240626153953.0 | ||
| 008 | 750630s1975 nyua j 000 0beng | ||
| 010 | _a 75015819 | ||
| 020 | _a0590074326 : | ||
| 020 | _a9780590430524 | ||
| 040 |
_aDLC _cDLC _dDLC _beng |
||
| 042 | _alcac | ||
| 050 | _aE275.G2 | ||
| 082 | _a973.330924 | ||
| 100 | 1 | _aMcGovern, Ann. | |
| 245 | 1 | 4 |
_aThe secret soldier : _bthe story of Deborah Sampson / _cby Ann McGovern ; illustrated by Harold Goodwin ; Cover illustration by Katherine Thompson |
| 260 |
_aNew York : _bScholastic, _c1975. |
||
| 300 |
_a64 pages : _bcolor illustrations ; _c20 cm |
||
| 505 | _aN | ||
| 520 | _aA brief biography of the woman who disguised herself as a man and joined the Continental Army during the Revolutionary War. | ||
| 521 | 8 |
_a590
_bLexile |
|
| 521 | 8 |
_aN
_bRaz-Plus |
|
| 600 | 1 | 0 |
_aGannett, Deborah Sampson, _d1760-1827 _xJuvenile literature. |
| 600 | 1 | 1 |
_aGannett, Deborah Sampson, _d1760-1827. |
| 650 | 1 | _aSoldiers. | |
| 651 | 1 |
_aUnited States _xHistory _yRevolution, 1775-1783. |
|
| 700 |
_aGoodwin, Harold _eIllustrator |
||
| 700 |
_aThompson, Katherine _eCover Illustrator |
||
| 906 |
_a7 _bcbc _corignew _d1 _eocip _f19 _gy-gencatlg |
||
| 942 |
_2ddc _cBK _n0 |
||
| 999 |
_c4196 _d4196 |
||